[Event "33ème Open International d'Avoine"]
[Site "Avoine"]
[Date "2018.07.21"]
[Round "9.48"]
[White "Giammari, Santu"]
[Black "Pottier, Simeon"]
[Result "0-1"]
[WhiteElo "1874"]
[BlackElo "2061"]
[PlyCount "66"]
[EventDate "2018.??.??"]

1. d4 Nf6 2. c4 c5 3. d5 b5 4. cxb5 a6 5. bxa6 g6 6. Nc3 Bg7 7. g3 d6 8. Bg2
O-O 9. Nf3 Nbd7 10. O-O Nb6 11. Re1 Bxa6 12. e4 Nfd7 13. Qc2 Nc4 14. Rd1 Qa5
15. Kh1 Rfb8 16. Rb1 Na3 17. bxa3 Qxc3 18. Qxc3 Bxc3 19. Bg5 Bf6 20. Bxf6 Nxf6
21. Nd2 Bd3 22. Rxb8+ Rxb8 23. e5 dxe5 24. Nf3 e4 25. Ne5 c4 26. Nc6 Rb7 27.
Nb4 c3 28. Bf1 Ng4 29. Kg2 Ne5 30. Bxd3 exd3 31. Nxd3 c2 32. Rc1 Nxd3 33. Rxc2
Ne1+ 0-1

[Event "33ème Open International d'Avoine"]
[Site "Avoine"]
[Date "2018.07.21"]
[Round "9.49"]
[White "Sobry, Sebastien"]
[Black "Di Paolo, Marco"]
[Result "0-1"]
[WhiteElo "2052"]
[BlackElo "1883"]
[PlyCount "54"]
[EventDate "2018.??.??"]

1. e4 c5 2. Nf3 g6 3. d4 cxd4 4. Nxd4 d6 5. Nc3 Bg7 6. Bb5+ Bd7 7. Bxd7+ Qxd7
8. O-O Nc6 9. Be3 Nf6 10. Kh1 Ng4 11. Qd2 Nxe3 12. fxe3 O-O 13. Nd5 Ne5 14. b3
Kh8 15. c4 Ng4 16. Rad1 Qd8 17. Qe2 Nf6 18. Nxf6 Bxf6 19. c5 Be5 20. cxd6 exd6
21. Nf3 Qe7 22. Rd5 Rac8 23. Nxe5 dxe5 24. Qb5 a6 25. Rxe5 Qc7 26. Qd5 Rfd8 27.
Re7 Qxe7 0-1

[Event "33ème Open International d'Avoine"]
[Site "Avoine"]
[Date "2018.07.21"]
[Round "9.50"]
[White "Thibault, Pierre-Olivier"]
[Black "Fretel, Liza"]
[Result "1-0"]
[WhiteElo "2042"]
[BlackElo "1874"]
[PlyCount "97"]
[EventDate "2018.??.??"]

1. e4 c5 2. Nf3 Nc6 3. d4 cxd4 4. Nxd4 Nf6 5. Nc3 e5 6. Ndb5 d6 7. Nd5 Nxd5 8.
exd5 Nb8 9. c4 Be7 10. Be3 O-O 11. Bd3 f5 12. f3 Bf6 13. O-O a6 14. Nc3 g6 15.
Qd2 Nd7 16. Rac1 b6 17. b4 Qe7 18. Na4 Rb8 19. c5 dxc5 20. d6 Qe8 21. bxc5 bxc5
22. Nxc5 Nxc5 23. Bxc5 Qd7 24. Rfd1 Bb7 25. Ba7 Rbc8 26. Bb6 Kh8 27. Rc7 Rxc7
28. dxc7 Qd6 29. Qf2 Re8 30. Be2 Qb4 31. Qc5 Qxc5+ 32. Bxc5 Kg7 33. Rd7+ Kh6
34. Bc4 e4 35. f4 e3 36. Be2 g5 37. Rd6 Kg7 38. fxg5 Bxg5 39. Bd4+ Kf8 40. Rd7
Be7 41. Bxe3 Bc8 42. Bh6+ Kf7 43. Rd5 Kg6 44. Bf4 Bb7 45. Ra5 Bb4 46. Rxa6+ Kg7
47. Bh6+ Kh8 48. Bc4 Re4 49. Ra8+ 1-0